Responses for Show #4494 - Thursday, March 4, 2004

Contestants

[<< previous game]

Jennifer Wilder, a travel agent from Moore, Oklahoma

Matt Fisher, an attorney from Indianapolis, Indiana

Chris Parsons, an undergraduate student from Wabasso, Florida (whose 1-day cash winnings total $18,801)

[next game >>]

Jeopardy! Round responses

SCIENCE & NATURE
CELEBRITIES' ORIGINAL NAMES
FLAGS
WITHOUT MY PARTNER
ABBREVIATIONS
WANNA BET?
    $200 6
penguin

Chris
    $200 11
Nicolas Cage

Chris
    $200 13
the War of 1812

Matt
    $200 19
Sullivan

Chris
    $200 26
wharf

Jennifer
    $200 1
(Alex: Yeah, you have to know when to [*].)

fold

Chris
    $400 7
(Jennifer: What is pupa?)

larva

ChrisJennifer
    $400 17
(Chris: Who is Sheen?)
(Alex: Which one?)
(Chris: [*].)
(Alex: The daddy!)

Martin Sheen

Chris
    $400 14
the Star of David

Chris
    $400 20
(Frederick) Royce

Jennifer
    $400 27
pkg.

Matt
    $400 2
blackjack

Matt
    $600 8
amber

Chris
    $600 12
(Jennifer: What is Jay Alexander?)
(Alex: I thought he might have gone by Jay also, no, they're shaking their heads at me; we'll clear it up during the commercial break, stay with us!)
...
(Alex: [After commercial break] No, the judges are standing fast; he had to be [*].)

Jason Alexander

ChrisJennifer
    $600 15
Richard the Lionhearted

Chris
    $600 23
(Bud) Abbott

Matt
    $600 28
noon

Matt
    $600 3
craps

Chris
    $800 9
calving

Matt
    $800 21
Jesse Ventura

Matt
    $800 16
Venice

Jennifer
    $800 24
Engels

Matt
    $1,000 29
(Matt: I'm afraid I have no idea!)

(take the pills) four times a day

Matt
    $800 4
racehorse

Chris
    $1000 10
(Jennifer: What is a dust cloud?)

coma

Jennifer
Triple Stumper
    $1000 22
The Rock

Chris
    $1000 18
the Calverts

Triple Stumper
    $1000 25
(Matt: Who is Ernst?)

Raymond Rubicam (of Young & Rubicam)

Matt
Triple Stumper
    $1000 30
Rt. (for Right)

Matt
    $1000 5
baccarat

Matt

Scores at the first commercial break (after clue 12):

Chris Matt Jennifer
$3,600 $2,200 -$2,000

Scores at the end of the Jeopardy! Round:

Chris Matt Jennifer
$6,200 $4,600 -$600

Double Jeopardy! Round responses

TEXAS CITIES
FA"Q"s
19th CENTURY LITERATURE
NUMBER OF LEGS ON...
THE JEOPARDY! TIME MACHINE
WANNA BETTE?
(Alex: A reference to someone.)
    $400 2
Houston

Matt
    $400 25
Queens

Matt
    $400 1
(Edgar Allan) Poe

Matt
    $400 11
6

Chris
    $400 3
a wig

Jennifer
    $400 19
Johnny Carson

Jennifer
    $800 6
(Jennifer: What is Dallas?)

San Antonio

ChrisJennifer
    $800 26
(Matt: "Quadrennally"? ...What is "quadrennally"?)
(Alex: All right, we'll give you that one; [*].)

quadrennially

Matt
    $800 4
Alice's Adventures in Wonderland

Jennifer
    $800 12
(Alex: She was a spider.)

8

Chris
    $800 10
the Rat Pack

Chris
    $800 20
Gypsy

Jennifer
    $1200 7
(Jennifer: What is El Paso?)

Laredo

MattJennifer
    $1200 27
Quick Draw McGraw

Matt
    $1200 5
(Nathaniel) Hawthorne

Chris
    $1200 13
3

Chris
    $1200 16
Keats

Jennifer
    $1200 21
Broad

Triple Stumper
    $1600 8
Brownsville

Triple Stumper
    $1600 28
"(The Mighty) Quinn"

Matt
    $1600 17
James Fenimore Cooper

Triple Stumper
    $1600 14
(Alex: It's a fish.)

0

Chris
    $2,000 23
Henry VIII

Matt
    $1600 22
Barry Manilow

Matt
    $2000 9
Port Arthur

Triple Stumper
    $2000 29
(Chris: What is Quetzal?)

Quechua

Chris
Triple Stumper
    $2000 18
The Moonstone

Jennifer
    $3,000 15
(Alex: It's, or it was, a preshistoric bird.)

2

Chris
    $2000 24
the Spitfire

Triple Stumper
    $2000 30
Beaches

Jennifer

Scores at the end of the Double Jeopardy! Round:

Chris Matt Jennifer
$14,000 $14,200 $5,000

[wagering suggestions for these scores]

Final Jeopardy! Round responses

FAMOUS LASTS
(Alex: How appropriate!)
JenniferWhat is a Model T Ford?
$4,500
ChrisWhat is an original Volkswagen Beetle
$3,999
MattWhat is an old VW Bug?
$13,801
the Volkswagen Beetle

Final scores:

Chris Matt Jennifer
$17,999 $28,001 $500
2nd place: $2,000 New champion: $28,001 3rd place: $1,000

Game dynamics:

Coryat scores:

Chris Matt Jennifer
$13,000 $14,800 $5,000
21 R
(including 1 DD),
1 W
19 R
(including 1 DD),
2 W
(including 1 DD)
10 R,
5 W

Combined Coryat: $32,800

[game clues] [game scores] [suggest correction]

Game tape date: 2003-12-03
The J! Archive is created by fans, for fans. Scraping, republication, monetization, and malicious use prohibited; this site may use cookies and collect identifying information. See terms. The Jeopardy! game show and all elements thereof, including but not limited to copyright and trademark thereto, are the property of Jeopardy Productions, Inc. and are protected under law. This website is not affiliated with, sponsored by, or operated by Jeopardy Productions, Inc. Join the discussion at JBoard.tv.